000 00651nam a2200181 i 4500
001 183739
003 ES-MaACL
005 20230906221948.0
008 141008s1841 xxk |||| | eng d
110 2 _aRoyal Medical and Chirurgical Society of London.
_9155679
245 1 1 _a[Fellows of the Royal Medical and Chirurgical Society of London].
260 _a[London :
_bs.n.,
_c1841?]
300 _aXXV p. ;
_c20 cm.
594 _aTítulo y encabezamiento tomado del texto, ejemplar sin portada.
610 2 4 _aRoyal Medical and Chirurgical Society of London.
_9155679
650 4 _aMédicos-
_zGran Bretaña.
_9175663
852 4 _aES-MaACL
_jT-16-F-2
999 _c183739
_d183739